[Event "Laval op"]
[Site "Laval"]
[Date "2016.06.26"]
[Round "6.11"]
[White "Langlois Remillard, Alexis"]
[Black "Agnaieff, Vladimir"]
[Result "1-0"]
[WhiteElo "1797"]
[BlackElo "1830"]
[PlyCount "45"]
[EventDate "2016.06.23"]
[EventType "swiss"]
[EventRounds "7"]
[EventCountry "CAN"]
[SourceTitle "EXT 2022"]
[Source "ChessBase"]
[SourceDate "2021.10.06"]
[SourceVersion "1"]
[SourceVersionDate "2021.10.06"]
[SourceQuality "1"]

1. b3 e5 2. Bb2 Nc6 3. e3 f5 4. c4 Nf6 5. Nf3 d6 6. d4 e4 7. d5 exf3 8. dxc6 fxg2 9. Bxg2 b6 10. Nc3 Be6 11. Nb5 Bf7 12. Bxf6 gxf6 13. Nd4 d5 14. cxd5 Bxd5 15. Bxd5 Bb4+ 16. Kf1 Qxd5 17. Qh5+ Qf7 18. Qxf5 0-0 19. Ne6 Rfe8 20. Rg1+ Kh8 21. Rg7 Qxg7 22. Nxg7 Kxg7 23. Qg4+ 1-0